|
|
|
|
| LEADER |
01000nam a22002657a 4500 |
| 001 |
AAL4614 |
| 003 |
BD-DhAAL |
| 005 |
20160102203959.0 |
| 008 |
160102b20021978ii a|||| |||| 001 0 eng d |
| 020 |
|
|
|a 0070445559
|
| 040 |
|
|
|a BD-DhAAL
|c BD-DhAAL
|
| 082 |
|
|
|a 808/.0665
|
| 100 |
|
|
|a Sharma, R. C.
|9 17134
|
| 245 |
|
|
|a Business correspondence and report writing :
|b a practical approach to business & technical communication /
|c R C Sharma and Krishna Mohan
|
| 260 |
|
|
|a New Delhi :
|b Tata McGraw-Hill,
|c c2002.
|
| 300 |
|
|
|a xviii, 431 pages :
|b illustrations ;
|c 22 cm.
|
| 500 |
|
|
|a Includes index.
|
| 541 |
|
|
|e 4614
|
| 650 |
|
|
|a Business writing.
|9 17135
|
| 650 |
|
|
|a Commercial correspondence.
|9 17136
|
| 650 |
|
|
|a Business report writing.
|9 17137
|
| 700 |
|
|
|a Mohan, Krishna
|9 17138
|
| 942 |
|
|
|2 ddc
|c BK
|
| 999 |
|
|
|c 36531
|d 36531
|
| 952 |
|
|
|0 0
|1 0
|2 ddc
|4 0
|6 808_000000000000000__0665_SHA
|7 0
|9 57477
|a SCL
|b SCL
|c GEN
|d 2016-01-02
|g 120.00
|l 0
|o 808.0665 SHA
|p 3020004614
|r 2016-01-02
|t 1
|w 2016-01-02
|y BK
|